| 000 | 00519cam a22002171 4500 | ||
|---|---|---|---|
| 001 | sa 67005077 | ||
| 003 | DLC | ||
| 005 | 20260227112353.0 | ||
| 008 | 891212s1963 ii 000 1 hino | ||
| 010 | _asa 67005077 | ||
| 035 | _a(OCoLC)20770485 | ||
| 040 |
_aDLC _cWaU _dDLC |
||
| 042 | _apremarc | ||
| 050 | 0 | 0 |
_aPK2098.V38 _bT4 |
| 100 | 1 |
_aVerma, Bhagwati Charan, _d1903- |
|
| 245 | 1 | 0 | _aṬerhe-meṛhe rāste. |
| 260 | _c[1963/64] | ||
| 300 |
_a499 p. _c19 cm. |
||
| 500 | _aIn Hindi. | ||
| 500 | _aA novel. | ||
| 999 |
_c74951 _d74951 |
||